000 00553 a2200181 4500
999 _c183191
_d183191
005 20211220123336.0
010 _aENG-130419
020 _a978-93-5069-334-6
_c1350.00
035 _aEN-113951
037 _bDBAD/PUB
082 _a230.35
_b1
100 _aSinghal, Krishan
245 _aUniversal Divine Friend:
_cKrishan Singhal
260 _aIndia
_bSri Sathya Sai Sadhana Trust Publication Division
_c2020
270 _aPrasanthi Nilayam
_bNew Delhi
_e515134
300 _a217p.
_c21cm (pbk)
942 _adpl
_cEN
_2ddc
_h230.35
_mKRI